Obstetrics Nursing Procedure Manual (Record no. 252857)

MARC details
000 -LEADER
fixed length control field 00386pam a2200157a 44500
008 - FIXED-LENGTH DATA ELEMENTS--GENERAL INFORMATION
fixed length control field 230405s2023 xxu||||| |||| 00| 0 eng d
020 ## - INTERNATIONAL STANDARD BOOK NUMBER
International Standard Book Number 9789354658938
082 ## - DEWEY DECIMAL CLASSIFICATION NUMBER
Classification number 610.73
Item number SWA
100 ## - MAIN ENTRY--PERSONAL NAME
Personal name Swain,Dharitri
245 ## - TITLE STATEMENT
Title Obstetrics Nursing Procedure Manual
250 ## - EDITION STATEMENT
Edition statement 2nd Ed.
260 ## - PUBLICATION, DISTRIBUTION, ETC.
Place of publication, distribution, etc. New Delhi
Name of publisher, distributor, etc. Jaypee Pub
Date of publication, distribution, etc. 2023
300 ## - PHYSICAL DESCRIPTION
Extent 444 p.
502 ## - DISSERTATION NOTE
Dissertation note text
906 ## - LOCAL DATA ELEMENT F, LDF (RLIN)
a 004626

No items available.